Open Data Biblioteca Nacional de Portugal


República Portuguesa: Ministério da Cultura
Biblioteca Nacional de Portugal

Catálogo da BNP: acesso por Identificadores Unívocos
Registos Bibliográficos associados ao registo de autoridade

Etiqueta de registo: 00254nam 2200025 450
001 2232787
003 http://id.bnportugal.gov.pt/bib/catbnp/2232787
010 ## $a978-989-787-270-9
021 ## $aPT$b542225/25
100 ## $a20251126d2025 e y0pory01030103ba
101 1# $apor$cjpn$geng
102 ## $aPT
105 ## $aa t 000zy
106 ## $ar
200 1# $a The Gost in the shell.$hVol. 1$fShirow Masamune$gtrad. Drik Sada$gadaptação André Oliveira
206 ## $a1ª ed
210 #9 $aLisboa$cDistrito Manga,$d2025
215 ## $a349, [8] p.$cil.$d26
304 ## $aTít. orig.: Kokaku Kidotai
675 ## $a087.5$vBN$zpor$3287999
675 ## $a741(=1:52)"19/20"$vBN$zpor$31490770
675 ## $a821.521-9"19/20"$vBN$zpor$31175675
700 #1 $aMasamune,$bShirow,$cpseud.$31973137
702 #1 $aSada,$bDrik $4730$31973139
702 #1 $96$aOliveira,$bAndré$4010$31928775
801 #0 $aPT$bBN$gRPC
856 41 $uhttp://rnod.bnportugal.gov.pt/ImagesBN/winlibimg.aspx?skey=&doc=2232787&img=215939&save=true
900 ## $aBIBNAC$d20251215
966 ## $lBN$mFGMON$sP. 71473 V.$x1
966 ## $lBN$mFGMON$sP. 71473 V.-D$x1
971 ## $cjbeatriz$d20251126
973 ## $cacosta$d20251127
975 ## $e0$d20251215$viquintas

Etiqueta de registo: 00254nam 2200025 450
001 2269152
003 http://id.bnportugal.gov.pt/bib/catbnp/2269152
010 ## $a978-989-787-247-1
021 ## $aPT$b542226/25
100 ## $a20260220d2025 e y0pory01030103ba
101 1# $apor$cjpn$geng
102 ## $aPT
105 ## $aa t 000zy
106 ## $ar
200 1# $a The ghost in the shell.$hVol. 2$fShirow Masamune$gtrad. Drik Sada$gadaptação André Oliveira
206 ## $a1ª ed
210 #9 $aLisboa$cDistrito Manga,$d2025
215 ## $a238, 76 p.$cil.$d26
304 ## $aTít. orig.: Kokaku Kidotai
675 ## $a087.5$vBN$zpor$3287999
675 ## $a741(=1:52)"19/20"$vBN$zpor$31490770
675 ## $a821.521-9"19/20"$vBN$zpor$31175675
700 #1 $aMasamune,$bShirow,$cpseud.$31973137
702 #1 $96$aOliveira,$bAndré$4010$31928775
702 #1 $aSada,$bDrik $4730$31973139
801 #0 $aPT$bBN$gRPC
856 41 $uhttp://rnod.bnportugal.gov.pt/ImagesBN/winlibimg.aspx?skey=&doc=2269152&img=219529&save=true
900 ## $aBIBNAC$d20260318
966 ## $lBN$mFGMON$sP. 72271 V.$x1
966 ## $lBN$mFGMON$sP. 72271 V.-D$x1
971 ## $cisantos$d20260220
972 ## $e0$z0$d20260318$vlrevez
973 ## $caalmeid$d20260224

Etiqueta de registo: 00254nam 2200025 450
001 2286661
003 http://id.bnportugal.gov.pt/bib/catbnp/2286661
010 ## $a978-989-787-246-4
021 ## $aPT$b542227/25
100 ## $a20260521d2026 e y0pory01030103ba
101 1# $apor$cjpn
102 ## $aPT
105 ## $aa t 000zy
106 ## $ar
200 1# $a The ghost in the shell.$hLivro 1.5,$iHuman-error processer$fShirow Masamune$gtrad. Drik Sada$gadapt. André Oliveira
206 ## $a1ª ed
210 #9 $aLisboa$cDistrito Manga,$d2026
215 ## $a180, [9] p.$ctodo il.$d26 cm
304 ## $aTít. orig.: KÅokaku KidÅotai
675 ## $a087.5$vBN$zpor$3287999
675 ## $a741(=1:52)"19/20"$vBN$zpor$31490770
675 ## $a821.521-9"19/20"$vBN$zpor$31175675
700 #1 $aMasamune,$bShirow,$cpseud.$31973137
702 #1 $aSada,$bDrik $4730$31973139
702 #1 $96$aOliveira,$bAndré$4010$31928775
801 #0 $aPT$bBN$gRPC
856 41 $uhttp://rnod.bnportugal.gov.pt/ImagesBN/winlibimg.aspx?skey=&doc=2286661&img=222993&save=true
900 ## $aBIBNAC$d20260612
966 ## $lBN$mFGMON$sP. 72890 V.$x1
966 ## $lBN$mFGMON$sP. 72890 V.-D$x1
971 ## $cabrito$d20260521
972 ## $e0$z0$d20260612$vlrevez
973 ## $csteixeira$d20260602

OpendataBNP@bnportugal.pt | Mais informação sobre acesso aos dados BNP